• 首页
  • 本馆介绍
  • 公告通知
  • 最新文献
  • 馆藏检索
  • 电子资源
  • 读者导购
  • 参考咨询
  • 我的图书馆
  • 登录
  • 详细信息显示
  • 放入我的书架
  • 预约/预借图书
  • 作者相关作品
  • 分类相关作品
  • 丛书相关作品
  • 出版社相关作品

书目信息

  • 表格格式
  • 工作单格式
  • 卡片格式
题名:
校园科学实验
    
 
作者: 沃克 , 伍德 著 ;郭威 , 陈玥 译
分册:   遗传科学实验
出版信息: 上海   上海科学技术文献出版社  2012.01
页数: 132页
开本: 23cm
丛书名:
单 册:
中图分类: N33-49 , Q3-49
科图分类:
主题词: 科学实验--青年读物 , 遗传学--科学实验--青年读物 , 科学实验 , 遗传学
电子资源:
ISBN: 978-7-5439-5098-6
000 01094oam2 2200337 450
001 010700120579
005 20140609082734.93
010    @a978-7-5439-5098-6@dCNY18.00
100    @a20120209d2012 em y0chiy0110 ea
101 1  @achi@ceng
102    @aCN@b310000
105    @aa z 000yy
106    @ar
200 1  @a校园科学实验@9xiao yuan ke xue shi yan@i遗传科学实验@f(美)帕梅拉·沃克,伊莱恩·伍德著@g郭威,陈玥译
210    @a上海@c上海科学技术文献出版社@d2012.01
215    @a132页@c图@d23cm
300    @a科学图书馆
304    @a英文分卷题名:Genetic science experiments
330    @a本书中有20项实验,分别是:细胞的有丝分裂、镰状细胞性贫血症中的氨基酸、质粒基因工程等。
606 0  @a科学实验@j青年读物
606 0  @a遗传学@x科学实验@j青年读物
606 0  @a科学实验
606 0  @a遗传学
690    @aN33-49@v5
690    @aQ3-49@v5
701  0 @c(美)@a沃克@9wo ke@c(帕梅拉)@4著
701  0 @c(美)@a伍德@9wu de@c(伊莱恩)@4著
702  0 @a郭威@9guo wei@c(翻译)@4译
702  0 @a陈玥@9chen yue@4译
801  0 @aCN@bNLC@c20120713
905    @b547754-57@dN33-49@e94@f4
    
    校园科学实验.遗传科学实验/(美)帕梅拉·沃克,伊莱恩·伍德著/郭威,陈玥译.-上海:上海科学技术文献出版社,2012.01
    132页:图;23cm
    科学图书馆
    
    ISBN 978-7-5439-5098-6:CNY18.00
    本书中有20项实验,分别是:细胞的有丝分裂、镰状细胞性贫血症中的氨基酸、质粒基因工程等。
●
相关链接 在E读中查询图书 在五车中查询图书 在当当中查询图书 在豆瓣中查询图书


正题名:校园科学实验     索取号:N33-49/94         预约/预借

序号 登录号 条形码 馆藏地/架位号 状态 备注
1 547754   205477544   第二样本阅览室/ [索取号:N33-49/94] 在馆    
2 547755   205477553   密集书库-生命科学系/ [索取号:N33-49/94] 在馆    
3 547756   205477562   第三借阅区/ [索取号:N33-49/94] 在馆    
4 547757   205477571   第三借阅区/ [索取号:N33-49/94] 在馆    
唐山师范学院图书馆 欢迎您!
大连网信软件有限公司© 版权所有